| Поле | Инд. | ПП | Название | Значение |
|---|---|---|---|---|
| Тип записи | a | |||
| Библиографический уровень | m | |||
| 001 | Контрольный номер | 367582ce-1d70-4e8c-9382-73059e8d34c5 | ||
| 005 | Дата корректировки | 20140703164521.2 | ||
| 008 | Кодируемые данные | 080409 | ||
| 020 | a | ISBN | 5-8459-0379-3 (рус.) | |
| a | ISBN | 0-1306-5207-5 (англ.) | ||
| c | Цена, тираж | 210.00 | ||
| 040 | a | Служба первич. каталог. | НБ ТвГУ | |
| 041 | a | Код языка текста | rus | |
| 080 | a | Индекс УДК | 004.438 | |
| 084 | a | Индекс другой классификации/Индекс ББК | З973.26-018.2 | |
| a | Индекс другой классификации/Индекс ББК | З973.202-018.1 | ||
| 090 | x | Авторский знак | Т61 | |
| a | Полочн. индекс | З973.2 | ||
| 100 | 1_ | a | Автор | Торстейнсон Питер |
| 245 | 10 | a | Заглавие | Архитектура. NET и программирование на Visual C++ |
| b | Продолж. заглавия | [пер.с англ.] | ||
| c | Ответственность | Питер Торстейнсон и Роберт Оберг | ||
| 260 | 0_ | a | Место издания | Москва [и др.] |
| b | Издательство | Вильямс | ||
| c | Дата издания | 2002 | ||
| 300 | a | Объем | 653 с. | |
| b | Иллюстрации/ тип воспроизводства | ил. | ||
| c | Размеры | 23см. | ||
| 500 | a | Примечание | Доп. тит. л. англ. | |
| 504 | a | Библиография | Предм. указ.: с. 637-653. | |
| 583 | a | Действие | Получение впервые 105 08.04.2008 | |
| k | Исполнитель действия | Взамен утраченных | ||
| 650 | a | Основная рубрика | Вычислительная техника | |
| 650 | a | Основная рубрика | Компьютеры персональные | |
| x | Основная подрубрика | Программирование | ||
| 650 | a | Основная рубрика | Интернет | |
| 650 | a | Основная рубрика | Программирования языки | |
| 653 | a | Ключевые слова | Компьютеры | |
| a | Ключевые слова | Персональные компьютеры | ||
| a | Ключевые слова | Компьютерные сети | ||
| a | Ключевые слова | Интернет | ||
| a | Ключевые слова | Платформы программирования | ||
| a | Ключевые слова | Платформа .NET | ||
| a | Ключевые слова | NET, платформа | ||
| a | Ключевые слова | Visual C++ | ||
| a | Ключевые слова | Программирование на Visual C++ | ||
| a | Ключевые слова | Архитектура .NET | ||
| 700 | 1_ | a | Другие авторы | Оберг Роберт Дж. |
| e | Роль лиц | авт. | ||
| 700 | 1_ | a | Другие авторы | Заика В. Н. |
| e | Роль лиц | пер. | ||
| 700 | 1_ | a | Другие авторы | Шмидский Я. К. |
| e | Роль лиц | пер., ред. | ||
| 852 | t | Порядковый номер экземпляра | 1 | |
| p | Инвентарный номер | 906015 | ||
| 863 | t | 00217846 | ||
| 888 | a | Бесплатные | ||
| 952 | p | 105.2008 210.00 1 906015 | ||
| c | Вид литературы | К рн | ||
| 954 | a | Дата поступления на обработку | 20080515 | |
| 999 | a | Подразделение 2 | Фил3 |